LA DESINTEGRACION FAMILIAR Y SU INDÇCIDENCIA EN EL COMPORTAMIENTO DE LOS ALUMNOS Y LAS ALUMNAS DEL SEGUNDO CICLO DEL NIVEL BASICO DE LOS CENTROS EDUCATIVOS FEDERICO HENRIQUEZ Y CARVAJAL Y ANACAONA DEL DISTRITO 18 03 DEL MNICIPIO DE JARAGUA DE LA PROVINCIA BAHORUCA AÑO ESCOLAR 2010 2011 (Record no. 413)

MARC details
000 -LEADER
campo de control de longitud fija 00948nam a22001817a 4500
001 - NÚMERO DE CONTROL
campo de control 1535
005 - FECHA Y HORA DE LA ÚLTIMA TRANSACCIÓN
campo de control 20250522045537.0
008 - DATOS DE LONGITUD FIJA--INFORMACIÓN GENERAL
campo de control de longitud fija 5230202011 dr a
090 ## - LOCALMENTE ASIGNADO TIPO-LC NÚMERO DE CLASIFICACIÓN (OCLC); NÚMERO DE CLASIFICACIÓN LOCAL (RLIN)
Número de clasificación (OCLC) (R) ; Numero de clasificación, CALL (RLIN) (NR) EDU 2011-025
100 ## - ENTRADA PRINCIPAL--NOMBRE DE PERSONA
Nombre de persona TRINIDAD SENA, WILDA ANDREA
245 ## - MENCIÓN DEL TÍTULO
Título LA DESINTEGRACION FAMILIAR Y SU INDÇCIDENCIA EN EL COMPORTAMIENTO DE LOS ALUMNOS Y LAS ALUMNAS DEL SEGUNDO CICLO DEL NIVEL BASICO DE LOS CENTROS EDUCATIVOS FEDERICO HENRIQUEZ Y CARVAJAL Y ANACAONA DEL DISTRITO 18 03 DEL MNICIPIO DE JARAGUA DE LA PROVINCIA BAHORUCA AÑO ESCOLAR 2010 2011
Mención de responsabilidad, etc. Wilda Andrea Trinidad Sena, Evelin Carolina Pérez Méndez
260 ## - PUBLICACIÓN, DISTRIBUCIÓN, ETC.
Lugar de publicación, distribución, etc. Barahona :
Nombre del editor, distribuidor, etc. UNIVERSIDAD CATOLICA TECNOLOGICA DE BARAHONA
300 ## - DESCRIPCIÓN FÍSICA
Extensión vii, 168h : il / 28 Cm
Otros detalles físicos il.
502 ## - NOTA DE TESIS
Nota de tesis Tesis
504 ## - NOTA DE BIBLIOGRAFÍA, ETC.
Nota de bibliografía, etc. Nota Incluye Bibliografía
650 ## - PUNTO DE ACCESO ADICIONAL DE MATERIA--TÉRMINO DE MATERIA
Fuente del encabezamiento o término 1.LA DESINTEGRACION FAMILIAR INSIDENCIA EN EL COMPORTAMIENTO DE LOS ALUMNOS DEL SEGUNDO CICLO DEL NIVEL BASICO
700 ## - ENTRADA AGREGADA--NOMBRE PERSONAL
Nombre de persona I.PEREZ MENDEZ, EVELIN CAROLINA, COAUT
Holdings
Estatus retirado Estado de pérdida Estado de daño Restricciones de uso No para préstamo Colección Biblioteca de origen Biblioteca actual Fecha de adquisición Total de préstamos Signatura topográfica completa Código de barras Visto por última vez Copia número Precio de reemplazo Tipo de ítem Koha
          Acervo general de Libros Biblioteca Central Mons. Favio M. Rivas S. Biblioteca Central Mons. Favio M. Rivas S. 20/03/2013   EDU 2011-025 000000000482 23/05/2025 1 23/05/2025 Tesis